Statystyki dla Minecraft - wszystkie rudy

Kliknij tutaj aby rozwiązać quiz!

Ogólne statystyki

  • Ten quiz został rozwiązany 46 275 razy
    (35 695 od ostatniego zresetowania)
  • Średni wynik to 7 z 11

Statystyki odpowiedzi

Rudy% Poprawnych
Diament
97%
Żelazo
95%
Złoto
94%
Węgiel
81%
Redstone
58%
Kwarc
53%
Miedź
53%
Pradawne zgliszcza
48%
Lazuryt
46%
Szmaragd
46%
Netherowe złoto
4%

Rozkład punktacji

Percentyl według liczby udzielonych odpowiedzi

Procent ludzi z każdym wynikiem

Twoja historia wyników

Nie rozwiązałeś tego quizu od ostatniego zresetowania